[Event "Sarajevo Bosnia 32nd"]
[Site "Sarajevo"]
[Date "2002.05.30"]
[Round "9"]
[White "Sokolov, Ivan"]
[Black "Kozul, Zdenko"]
[Result "1-0"]
[WhiteElo "2647"]
[BlackElo "2595"]
[Annotator "Hazai,L"]
[PlyCount "117"]
[EventDate "2002.05.22"]
[EventType "tourn"]
[EventRounds "9"]
[EventCountry "BIH"]
[EventCategory "16"]
[SourceTitle "CBM 090"]
[Source "ChessBase"]
[SourceDate "2002.09.20"]
[SourceVersion "1"]
[SourceVersionDate "2002.09.20"]
[SourceQuality "1"]

1. d4 Nf6 2. c4 g6 3. Nc3 Bg7 4. e4 d6 5. Bd3 O-O 6. Nge2 c6 (6... Nc6 {
is supposed to be the main line.}) (6... c5 7. d5 e6 {may lead to the Penrose
Attack of the Benoni.}) 7. O-O e5 8. d5 cxd5 {Although there is no need to
hurry with this move, soon or later it will come.} (8... a5 {/\ Na6
controlling the dark squares of the <<.} 9. a3 (9. Bg5 h6 10. Bd2 Na6 11. a3
Bd7 12. dxc6 {giving up the [+] helps usually for Black.} bxc6 13. Na4 d5 $13 {
Skembris-Collutiis, Cesenatico 2000}) 9... Na6 (9... Nh5 {/\ f5, but then c6
was not consistant.} 10. Be3 f5 11. exf5 gxf5 12. f3 Na6 $5 {keeping the
options in the [+] looks more flexible according to Ehlvest.} (12... cxd5 {
Ehlvest} 13. Nxd5 {and White has a stronghold on d5.} Nd7 14. Rc1 $14) (12...
c5 {wants to close the <<, but this looks a bit passive.} 13. Kh1 Na6 14. Qc2
$1 $14 {Ehlvest} (14. Rb1 {doesn't look necessary, because Black defends >< b4
very well.} b6 $1 {/\ Ra7} 15. Qc2 Kh8 $1 {/\ Ra7} (15... Ra7 $2 {immediately
is countered by} 16. g4 $1 fxg4 17. Bxh7+ Kh8 18. fxg4 Bxg4 19. Bf5 $1 Raf7 20.
Bxg4 Rxf1+ 21. Rxf1 Rxf1+ 22. Kg2 Nf6 23. Kxf1 Nxg4 24. Bg1 $16 {
Ehlvest-Cvitan, Biel (open) 1997 70/527})))) (9... Bd7 {/\ Na6 avoiding b2-b4.}
) 10. b4 $5 $14 {Skembris} (10. Ng3 $143 $6 {is not logical, and the N is
misplaced there.} Bd7 11. Rb1 h5 12. Bg5 Qe8 {/\ Nh7} 13. Re1 Nh7 14. Bd2 h4
15. Nf1 f5 $13 {Hoffman-Fiorito, Argentina (ch) 73/(645) 1998}) (10. Rb1 Bd7
11. b4 axb4 12. axb4 c5 $11 {freeing the passive N on a6.})) 9. cxd5 Nbd7 10.
a3 {/\ b4} (10. b4 $143 {immediately runs into} a5 11. bxa5 Nc5 12. Be3 Rxa5
13. f3 Nh5 14. Rc1 f5 $132 {and Black has got the |^ on both flanks,
Puc-Gligoric, Ljubljana 1951.}) (10. Ng3 a6 (10... h5 11. Bg5 Qe8 12. Nb5) 11.
Bd2 h5 12. h3 (12. Bg5 Qe8 {/\ Nh7}) 12... Nh7 (12... h4 $5 13. Nge2 Nh5) 13.
Rb1 Ndf6 14. Be3 h4 15. Nge2 Nh5 16. Qd2 Bd7 17. b4 f5 18. exf5 gxf5 19. f4 $14
{Pinter-Kozul, Pula 1999}) (10. f3 $5 Nc5 11. Bc2 a5 12. Be3 {transposes to
E88 with better prospects for White.} Bd7 13. a3 (13. Bxc5 dxc5 14. Ba4 {
White wants to exchange the bishops weakening the light squares.} Ne8 {/\ Nd6}
15. Bxd7 Qxd7 16. Qa4 Qe7 17. Nb5 $14 {Pavasovic-Stevic, Vienna 1996}) 13...
Nh5 14. Bxc5 $1 (14. Rb1) 14... dxc5 15. Ba4 {This is the same exchange motif
again.} Bh6 {The B has some influence here.} 16. Qd3 {against Be3} Rc8 {/\ c4}
17. b3 Nf6 18. Rfd1 Qb6 19. Kh1 Qa6 20. Bb5 $1 (20. Qxa6 $2 {Rozentalis} bxa6
$11 {/\ Rb8}) 20... Bxb5 21. Nxb5 $16 {Rozentalis-Yrjola, Voronezh 1987 44/735}
) 10... Ne8 (10... Nc5 11. Bc2 (11. b4 {allows Black to exchange the important
B.} Nxd3 12. Qxd3 Ne8 {/\ f5} 13. f4 exf4 14. Bxf4 Nf6 {/\ Nd7-e5 blockading
the vital >< e5.} 15. h3 Nd7 16. Rac1 Ne5 $132 {Makarjev-Shchekachev, Sochi
1992}) 11... a5 12. Bg5 h6 13. Be3 Ng4 14. Bd2 (14. Bxc5 dxc5 15. h3 Nf6 {
Black wanted to play Ne8-d6 anyway.} 16. Ba4 Ne8 $5 (16... Ra6 {is too
sophysticated.} 17. Qd3 Nh5 18. Rfe1 Rb6 19. Bb5 g5 20. Rad1 Rg6 21. d6 $16 {
and the o^ on d6 cuts the board into half, V.Georgiev-Sepp, Yerevan 1996.}) 17.
Bxe8 Rxe8 $13 {^^}) 14... f5 15. f3 Nf6 16. b4 {and the N has to go back again.
} axb4 17. axb4 Rxa1 18. Qxa1 Na6 19. Qa5 Qe7 (19... Qxa5 20. bxa5 $16 {_|_})
20. exf5 gxf5 21. Ng3 $14 {Arkhipov-Gallagher, Kecskemet 1990}) 11. Be3 f5 12.
exf5 gxf5 13. f4 $14 {This P structure is a bit better for White, Black needs
a N on g6.} Ndf6 (13... e4 {closes the [+] and White gets the control over ><
d4.} 14. Bc4 (14. Bc2 $14) 14... Nb6 15. Ba2 $14) 14. h3 (14. fxe5 {is now met
by} Ng4 $132) 14... e4 15. Bc4 Kh8 {Black has some pressure on the g <->.} 16.
Ng3 {The real question is which piece is better on d4, the B or the N?} (16.
Nd4 Nc7 17. Ba2 Rg8 18. Rc1 $14 {with a permanent threat of Ne6.} (18. Ne6 {
immediately is too early:} Bxe6 19. dxe6 d5)) 16... Rg8 17. Bd4 Qe7 18. Rf2 {
/\ Nf1-e3 is the typical manoeuvre here.} Nc7 19. Nf1 Qf7 20. Ne3 h5 {Black
has to fight against g2-g4.} 21. Rc2 Bd7 22. Be2 Nce8 23. Rac1 Kh7 24. a4 {
White slowly but surely can strengthen his position on the <<.} a6 25. b3 Qg6
26. Bf1 h4 {/\ Nh5} 27. Qe1 Qh6 28. Ne2 Rb8 29. Ba7 Rd8 30. Bb6 Ra8 31. Nd4 Kg6
(31... Qxf4 $6 {is taboo in view of} 32. Rf2 Qg5 33. Ndxf5 Bxf5 34. Nxf5 Nxd5
35. Nxg7 Kxg7 36. Bd4+ Nef6 37. Qxe4 Qxc1 38. Qxd5 $18) 32. Rf2 Nh5 33. Be2 Ng3
(33... Nxf4 {founders again on >< f5:} 34. Nexf5 Bxf5 35. Nxf5 Kxf5 36. Bg4+
$18) 34. Ne6 $1 {White has seriously improved his pieces.} Bf6 35. Bd1 Qh7 36.
b4 Rc8 37. Rxc8 Bxc8 38. Bb3 Qh8 39. Qd1 Bd7 40. Nc4 (40. a5 {looked more to
the point.}) 40... Bc3 41. Bd4 Bxd4 42. Nxd4 b5 {Black wants to create some
counterplay, otherwise he will be pushed to the wall.} 43. axb5 Bxb5 44. Ne3
Nf6 45. Bc4 Rc8 $2 {This P sacrifice is not completely correct.} (45... Bxc4
46. Nxc4 Qh5) 46. Bxb5 axb5 47. Nc6 {White now completely loses the thread,
and gets into trouble at the end!} (47. Nxb5 $1) 47... Rc7 48. Qa1 Qg7 49. Rc2
Nfh5 50. Qa8 Nxf4 51. Kh2 Rf7 (51... Nfh5) 52. Ra2 Rf8 53. Qa7 Qxa7 54. Rxa7
Nd3 55. Rd7 Ra8 (55... Rf6) 56. Rxd6+ Kg5 57. Nc2 f4 58. Nd8 Ra2 $4 {[%mdl
8192] This blunder changes the course of the game again!} (58... Ra7) 59. Nf7+
1-0

[Event "EU-Cup 18th"]
[Site "Kallithea"]
[Date "2002.09.27"]
[Round "6.3"]
[White "Sokolov, Ivan"]
[Black "Miroshnichenko, Evgenij"]
[Result "1-0"]
[WhiteElo "2677"]
[BlackElo "2525"]
[Annotator "Hazai,L"]
[PlyCount "67"]
[EventDate "2002.09.22"]
[EventType "team-swiss"]
[EventRounds "7"]
[EventCountry "GRE"]
[SourceTitle "CBM 092"]
[Source "ChessBase"]
[SourceDate "2003.02.06"]
[SourceVersion "1"]
[SourceVersionDate "2003.02.06"]
[SourceQuality "1"]
[WhiteTeam "Sarajevo Bosna"]
[BlackTeam "Momot Alexander"]
[WhiteTeamCountry "BIH"]
[BlackTeamCountry "UKR"]

1. d4 Nf6 2. c4 g6 3. Nc3 Bg7 4. e4 O-O ({If Black wants to avoid the pressure
on the c1-h6 /^ he can opt for the more natural} 4... d6) 5. Bg5 d6 (5... h6 6.
Be3 d6 7. f3 {is a favourable transposition to the Samish Variation.}) 6. Qd2 {
White gets a firm control over the c1-h6 /^.} Nbd7 7. Nge2 {This looks a bit
sophysticated, although White can transpose to the Samish later.} (7. f3 {
transposes to the Samish again.}) (7. Be2 e5 8. Nf3 {- 7.Nf3}) (7. Nf3 e5 8.
Be2 c6 9. Rd1 $14 {may also arise from the Averbakh Variation.}) 7... a6 (7...
c5 8. d5 b5 9. cxb5 a6 10. Ng3 {- 7...a6}) (7... e5 8. O-O-O (8. f3 c6 9. d5 $1
$14 {transposing to a favourable line of the Samish.})) 8. Ng3 (8. f3 {can
also be met by the standard Benko Gambit plan:} c5 9. d5 b5 10. cxb5 Qa5) 8...
c5 {This is connected with a positional P sacrifice in the spirit of the Benko
Gambit.} (8... c6 {/\ may lead to the Jeney System.} 9. Be2 (9. a4 a5 $5 {/\ e5
} (9... Qa5 10. Ra3 e5 11. d5 Nc5 12. Qc2 Qc7 {Black cannot hold the dark
squares anymore.} 13. b4 Ncd7 14. a5 cxd5 15. cxd5 $14 {Chernin-Lautier, Paris
1989})) 9... e5 10. d5 cxd5 11. cxd5 b5 {1/2-1/2 Cs.Horvath,-Wang Rui,
Budapest 2000}) 9. d5 Qa5 (9... b5 $5 {immediately deserves serious attention
as well.} 10. cxb5 Nb6 (10... Qa5 11. a4 {White is fighting for the tempo
waiting with the development of his B.} (11. Be2 {- 9...Qa5}) 11... axb5 12.
Bxb5 Ba6 {It is favorable for Black to exchange the light-squared bishops,
because then his pressure against the light squares increases.} 13. O-O Rfb8
14. Qc2 {/\ Bd2 is the typical manoeuvre here.} (14. Ra3 Nb6 (14... Ne5 $5) 15.
Qc2 Nc4 $44 {Nikolaidis-Atalik, Karditsa 1996 CBM 83 66/497}) 14... Ne5 (14...
Nb6 15. Bd2 $16) 15. Bd2 (15. b3 c4 16. bxc4 Nxc4 $44) 15... c4 16. Nce2 $14) (
10... axb5 $5 11. Bxb5 Ba6 12. Bxa6 Rxa6 $13) 11. a4 axb5 12. Bxb5 Ba6 13. O-O
Nfd7 14. Bxa6 Rxa6 {and again Black has enough pressure on the << for the P.}
15. b3 Re8 16. Rac1 {1/2-1/2 Nikolaidis-Socko, Koszalin 1999}) 10. Be2 (10. a4
{prevents b7-b5 but weakens >< b4.} Qb4 11. Nd1 h6) 10... b5 {Good or bad,
this is the only plan now.} 11. cxb5 Nb6 (11... axb5 12. Nxb5 $1 (12. Bxb5 {
again allows Black to eliminate the light-squared B.} Ba6 13. Bxa6 (13. Bxd7
Nxd7 14. Bxe7 Rfb8 $40) 13... Qxa6 $44) 12... h6 13. Qxa5 Rxa5 14. Bd2 Ra4 15.
b3 Nxe4 16. bxa4 Nxg3 17. hxg3 Bxa1 18. Bxh6 $16) 12. O-O axb5 13. Nxb5 Bd7 (
13... Qxd2 $5 {deserves attention} 14. Bxd2 Bd7 (14... Ne8 15. Bc3) 15. Nc3
Rfb8 $132 {with some pressure on the a and b lines.}) 14. Nc3 (14. Qxa5 Rxa5
15. Nc3 h6 16. Bd2 Rfa8 $44) 14... Rfb8 15. Qc2 {/\ Bd2 and the black Q has to
go back.} Ne8 (15... Na4 16. Nxa4 Bxa4 17. b3 Bb5 18. Bd2 Qa3 19. Bxb5 Rxb5 20.
Bc3 $16 {neutralizing the pressure on the long /^.}) 16. Bd2 (16. Bxe7 $5 {
is usually bad on account of} f6 {but now} (16... Nc8 17. Bg5 Rxb2 18. Qxb2
Bxc3 19. Qc2 Bxa1 20. Rxa1 $18) 17. e5 $1 {is strong!} dxe5 18. Nge4 $16) 16...
Qa7 (16... Na4 17. Nxa4 Qxa4 18. b3 Qd4 19. Rab1 $16 {/\ Rfd1 undermining the
queen's position in the [+].}) 17. b3 Nc7 (17... Qa3 $1 {was more to the point
fighting against a4.} 18. Bc1 Qb4 19. Bb2 c4 20. Rab1 cxb3 21. axb3 Rc8 $44) {
allowing} 18. a4 $1 c4 19. bxc4 (19. Rfb1 cxb3 20. Rxb3 $16) 19... Nxa4 20. Ra2
$16 {White is a healthy P up, and Black's pressure on the << is over.} Bd4 21.
Nxa4 Bxa4 22. Qd3 Qc5 23. Bc3 {The exchange of the fianchettoed B is a vital
part of White's strategy.} Bxc3 24. Qxc3 {Now it is White's turn to grab the
|^ in the [+] and on the >>.} Be8 25. Rxa8 Rxa8 26. Qb2 f6 $2 (26... e5 27.
dxe6 Nxe6 {was the last chance to activate the black pieces.}) 27. h4 Ra3 28.
Kh2 Qa5 {[#]} 29. c5 $1 $18 {This breakthrough decides the battle.} dxc5 30. d6
$1 Nb5 (30... exd6 31. Qxf6) 31. Bxb5 Bxb5 32. dxe7 Kf7 33. Rb1 Be8 34. Qc1 1-0

[Event "FRA-chT Gp-A"]
[Site "France"]
[Date "2003.04.03"]
[Round "4.2"]
[White "Sokolov, Ivan"]
[Black "David, Alberto"]
[Result "1-0"]
[WhiteElo "2688"]
[BlackElo "2548"]
[Annotator "Hazai,L"]
[PlyCount "75"]
[EventDate "2003.01.31"]
[EventType "team"]
[EventRounds "7"]
[EventCountry "FRA"]
[SourceTitle "CBM 095"]
[Source "ChessBase"]
[SourceDate "2003.07.25"]
[SourceVersion "1"]
[SourceVersionDate "2003.07.25"]
[SourceQuality "1"]
[WhiteTeam "Clichy"]
[BlackTeam "Drancy"]
[WhiteTeamCountry "FRA"]
[BlackTeamCountry "FRA"]

1. d4 Nf6 2. c4 g6 3. Nc3 Bg7 4. e4 d6 5. Bd3 O-O 6. Nge2 Nc6 7. O-O Nh5 8. Bc2
e5 9. d5 Ne7 10. a4 Kh8 {In many cases this preparatory move is important,
when the g <-> will be opened!} (10... f5 {- I.Sokolov-Golubev, France chT
2003 CBM 95}) 11. Ra3 {preparing against f7-f5.} (11. a5 f5 12. exf5 gxf5 13.
Ng3 Nf4 (13... Nxg3 $143 14. fxg3 $1 {>< f5 /\ g4 after some preparation
ruining Black's [+].}) 14. Nh5 (14. Ra3 Neg6 15. Nh5 Bh6) 14... Nxh5 15. Qxh5
Ng6 $1 (15... Ng8 16. Bg5 Nf6 (16... Bf6 17. Be3 $14) 17. Qh4 $14) (15... a6 {
This was not so important, the fight is now on the >>.} 16. Bg5 Bf6 (16... Bd7
$2 {This loses material.} 17. Qh4 Rf7 18. Bd1 $1 {This is the strong move,
probably overseen by Black before. Now Black will lose an exchange.} Qf8 19.
Bh5 $18 {Piket-Fedorov, Wijk aan Zee 2001 80/573 CBM 81}) (16... Qe8 $2 17.
Qxe8 Rxe8 18. Ba4 $16 {loses material from the other /^.}) 17. Bxf6+ Rxf6 18.
f4 $14 {fixing the weakness on f5 is not comfortable, but still much better
than the game continuation.})) 11... f5 (11... a5 $5 {Piket}) 12. exf5 gxf5 (
12... Nxf5 13. a5 (13. Ne4)) 13. Ng3 (13. f4 {is the other major strategical
plan here.} Ng6 14. fxe5 Nxe5 $5 (14... dxe5 15. b4) (14... Bxe5 15. Nb5) 15.
b3 Ng4 16. Nb5) 13... Nxg3 (13... Nf4 $5 {is the other typical reply hoping
for an excellent B on the long /^.} 14. Nh5 (14. Bxf4 exf4 15. Nh5 Be5) 14...
Nxh5 15. Qxh5 Ng6 16. Ne2 (16. Nb5 Nf4 17. Bxf4 exf4 18. Rh3 h6) 16... Qh4 17.
Ng3 Bd7) 14. fxg3 Ng6 (14... c6 15. Bg5) 15. Ne2 Bd7 16. Be3 Qe7 17. h3 Rf7 {
Black cannot find a long-term plan.} (17... a5) 18. a5 Qf8 19. Rf2 Kg8 20. Qf1
a6 21. Kh1 {White has also many "waiting moves".} Re8 22. Bc1 e4 {Now finally
Black loses his temper. He uses the vital e5 square for his pieces, but
weakens >< f4.} (22... c6) 23. Be3 Be5 24. Nf4 Nxf4 25. gxf4 Bf6 26. Bd1 Qh6
27. Rb3 Bc8 28. c5 Kh8 {Here Black loses the thread again, the g <-> is not
important, he has to react on the other flank.} (28... Rd8) 29. Rc2 Rg8 $2 (
29... dxc5 $1 {was the last chance to change the course of the game.}) 30. cxd6
cxd6 31. Rb6 $16 Qf8 32. b4 Qd8 33. b5 axb5 34. Qxb5 h6 $2 35. Qb4 Rd7 36. a6
$18 bxa6 37. Rb8 a5 38. Qc4 1-0

[Event "Moscow Aeroflot op-A"]
[Site "Moscow"]
[Date "2003.02.15"]
[Round "5"]
[White "Poluljahov, Aleksandr"]
[Black "Milov, Vadim"]
[Result "0-1"]
[WhiteElo "2527"]
[BlackElo "2592"]
[Annotator "Milov,V"]
[PlyCount "54"]
[EventDate "2003.02.10"]
[EventType "swiss"]
[EventRounds "9"]
[EventCountry "RUS"]
[SourceTitle "CBM 094"]
[Source "ChessBase"]
[SourceDate "2003.05.26"]
[SourceVersion "1"]
[SourceVersionDate "2003.05.26"]
[SourceQuality "1"]

1. c4 g6 2. d4 Nf6 3. Nc3 Bg7 4. e4 d6 5. Nge2 Nbd7 6. Ng3 e5 7. d5 h5 8. Be2
Qe7 $5 $146 (8... h4 9. Nf1 Nc5 10. f3 a5 (10... Nh5 {(V)} 11. g3) 11. Bg5 Qd7
12. Nd2 Nh5 13. Be3 Nf4 14. O-O Qe7 15. Kh1 Qg5 16. Rf2 Nfd3 17. Bxg5 Nxf2+ $17
{1/2-1/2 Nikolaidis,K-Mastrokoukos,G/Athens 1996/EXT 2001 (38)}) 9. Bg5 (9. h4
$5 a5 $13 (9... Nh7 {/\10...Bf6} 10. Nf1)) 9... Bh6 10. Bxh6 Rxh6 11. h4 Rh8
12. Nf1 Nc5 $11 13. Nd2 (13. f3 $142 a5 14. Ne3 Kf8 $11) 13... a5 14. Qc2 Kf8
15. O-O-O Kg7 16. f3 Bd7 $6 (16... c6 $142 17. Nb3 Na6 $1 18. Nxa5 (18. Kb1
cxd5 19. cxd5 a4 $1 $36) 18... cxd5 (18... Nb4 $5 19. Qb3 Nbxd5 20. exd5 Rxa5
21. dxc6 bxc6 22. Qb4 Qa7 23. Qxd6 Bf5 $44) 19. cxd5 Nb4 20. Qb3 (20. Qa4 Nxa2+
$1) 20... Nxa2+ $1 21. Qxa2 Qc7 $36) 17. Nf1 c6 18. Ne3 cxd5 19. Nexd5 Nxd5 20.
Nxd5 Qd8 21. f4 $1 Ba4 $1 22. b3 Bc6 23. Rhf1 $2 (23. fxe5 dxe5 24. Qc3 Qd6 (
24... Qb8 $5) 25. Qe3 (25. Nb6 $2 Nxe4 $17) (25. Bf3 Bxd5 26. Rxd5 Qe7 27. Rhd1
Rhe8 $15) 25... Ne6 $13) (23. f5 Bxd5 24. Rxd5 Qb6 $132) 23... Qxh4 $17 24. Qb2
(24. Rh1 Qg3 $17) 24... Nxe4 25. Kb1 $138 (25. fxe5 Qg5+) 25... Rae8 $2 (25...
Bxd5 26. Rxd5 Ng3 27. Rf3 Nxe2 28. Qxe2 exf4 29. Qb2+ (29. Rxd6 Rhe8) 29... Qf6
$19) 26. f5 $2 (26. fxe5 Bxd5 27. exd6+ (27. Rxd5 dxe5 28. Rxe5 f6 $17) 27...
f6 28. d7 (28. Rxd5 Ng3 $19) 28... Re5 (28... Re7 29. Rxd5 Ng3 30. Qa3 $1 (30.
d8=Q Rxd8 31. Rxd8 Nxf1 32. Bxf1 Re1+ $17) 30... Rxe2 (30... Qe4+ $2 31. Bd3)
31. d8=Q Rxd8 32. Rxd8 Qe4+ 33. Ka1 Qe5+ 34. Kb1 $11) 29. Rxd5 Rxd5 30. cxd5
Qg5 $15) 26... Bxd5 27. Rxd5 Ng3 0-1

[Event "Metz op 21st"]
[Site "Metz"]
[Date "2003.04.24"]
[Round "6"]
[White "Gurevich, Mikhail"]
[Black "Baklan, Vladimir"]
[Result "1-0"]
[WhiteElo "2635"]
[BlackElo "2607"]
[Annotator "Gurevich,M"]
[PlyCount "137"]
[EventDate "2003.04.19"]
[EventType "swiss"]
[EventRounds "9"]
[EventCountry "FRA"]
[SourceTitle "CBM 093 Extra"]
[Source "ChessBase"]
[SourceDate "2003.05.09"]
[SourceVersion "1"]
[SourceVersionDate "2003.05.09"]
[SourceQuality "1"]

1. d4 Nf6 2. c4 g6 3. Nc3 Bg7 4. Bg5 O-O (4... c5 5. d5 h6 6. Bf4 d6 7. e4 Nh5
8. Be3 Bxc3+ 9. bxc3 Qa5 10. Qb3 Nd7 11. Be2 Nhf6 12. f3 e5 13. dxe6 fxe6 14.
Rd1 Qc7 15. Nh3 Ne5 16. Qc2 Bd7 17. f4 Neg4 18. e5 O-O-O 19. Bc1 dxe5 20. O-O
exf4 21. Bxf4 e5 $17 {0-1 Chernyshov,K-Svidler,P/Voronezh RUS 2003/The Week in
Chess 449 (54)}) (4... h6 5. Bxf6 Bxf6 6. e4 d6 7. f4 e5 8. dxe5 dxe5 9. Qxd8+
Bxd8 10. fxe5 c6 11. Nf3 Bc7 12. O-O-O Bg4 13. h3 Be6 14. Be2 Nd7 15. Nd5 Bb8
16. Nf6+ Ke7 17. Nxd7 Bxd7 18. c5 $14 {1-0 Chernyshov,K-Svidler,P/Voronezh RUS
2003/The Week in Chess 450 (42)}) 5. Qd2 c5 6. d5 d6 7. e4 a6 8. a4 Qa5 (8...
e6 9. Bd3 exd5 10. cxd5 Re8 11. Nge2 Nbd7 12. O-O Ne5 13. Bc2 Nc4 14. Qc1 Bd7
15. b3 Na5 16. Rb1 Rc8 17. Qf4 Qe7 18. Ng3 b5 $132 {0-1 Sadler,M-Kempinski,R/
Hamburg GER 2003/The Week in Chess 427 (53)}) 9. Ra3 e6 10. Nf3 (10. Bd3 exd5
11. exd5 Re8+ 12. Nge2 Nbd7 13. f4 Ng4 14. Ne4 Qxd2+ 15. Kxd2 Rxe4 16. Bxe4 Nf2
17. Ng3 Nxh1 18. Nxh1 Bxb2 19. Rb3 $44 {0-1 Dancevski,O-Gicev,B/Skopje MKD
2002/The Week in Chess 376 (52)}) 10... exd5 11. exd5 $5 {TN} Bg4 12. Be2 Bxf3
(12... Qb4 $5 {н/\13...Bxf3 Baklan} 13. Bxf6 Bxf6 14. Ne4 Bxb2 15. Qxb4 cxb4
16. Rb3 Bxf3 17. Bxf3 Be5 18. Rxb4 f5 19. Nd2 Rf7 $132) 13. Bxf3 Nbd7 14. O-O
Rfe8 (14... Ne5 15. Be2 Qb4 16. Qc2 $16 Nxc4 $2 17. Rb3 $18) 15. Qc2 $5 {
[н/\16.Bd2,Ra3-a1-e1]} Qc7 16. Raa1 Re7 17. Rae1 Rae8 18. Rxe7 Rxe7 19. h3 h6
20. Bd2 Qd8 21. Qc1 Qb6 $5 22. Qc2 Qd8 23. b3 $14 Re8 24. Qc1 {[텥f3-d1-c2,
f4|^>>]} h5 25. Re1 Rxe1+ 26. Qxe1 Nh7 27. Bd1 Bd4 28. Ne2 Bf6 29. f4 Qe7 30.
Bc2 Bh4 31. g3 Bf6 32. Kg2 Bg7 33. Ng1 Qd8 34. Nf3 Nhf8 35. g4 hxg4 36. hxg4
Qf6 37. Ng5 {н/\38.Ne4;xd6]} (37. g5 Qb2 38. Qc1 Qa2 39. Qb1 $16) 37... Qb2 38.
Qc1 Qxc1 39. Bxc1 Nf6 40. Kg3 N8d7 $2 (40... a5 41. Bd2 b6 $14) 41. a5 $1 $16
Kf8 42. Bd2 Ke7 43. Kf3 b6 44. axb6 Nxb6 45. Nh3 Nbd7 46. Nf2 Ne8 47. Be1 Bd4
48. g5 Ng7 49. Ng4 Bb2 50. Bd2 Bd4 51. Nh2 (51. Bd3 $5 {(н/\52.Nh6,Bd3-f1-h3;
xa6,f7)}) 51... Bb2 52. Kg4 Bd4 53. Nf1 Bb2 54. Ng3 Ba1 55. Bd3 Bd4 56. Bf1 $5
{[н/\57.Kf3,58.Bh3]} Bf2 57. Ne2 $1 {[xBf2]} (57. Bh3 $2 Bxg3 58. Kxg3 Nf5+ $11
) 57... f6 $5 (57... Nf5 58. Kf3 Bd4 59. Bh3 $18) 58. Bh3 $1 {[н/\59.Kf3]} f5+
59. Kf3 Bh4 60. Bf1 Nh5 61. Nc1 Nf8 62. Bd3 Nh7 $5 (62... Nd7 63. Bc2 Nf8 64.
Nd3 Nd7 65. Kg2 Nf8 66. Kh3 Bg3 67. Bd1) 63. Ne2 $1 (63. Bc2 Nxf4 $5 64. Bxf4
Bxg5 $16) 63... Kd7 (63... Nxf4 64. Nxf4 $18) 64. b4 $18 cxb4 65. Bxb4 Kc7 66.
Bc2 Nf8 67. Ba4 Nd7 68. Nd4 Nc5 69. Ne6+ (69. Ne6+ Nxe6 (69... Kb6 70. Bxc5+
dxc5 71. d6) 70. dxe6 Ng7 71. e7) 1-0